000
00278nam a2200121Ia 4500
008
190216s9999||||xx |||||||||||||| ||und||
100
_a
"Rosy Joshi,Sangam Kapoor"
245
0
_a
Business Environment
260
_b
Kalyani Pub
300
_a
324
650
_a
Commerce
942
_c
BK
999
_c
7426
_d
7426